Cloud Computing (Record no. 369351)

MARC details
000 -LEADER
fixed length control field 01371 a2200229 4500
003 - CONTROL NUMBER IDENTIFIER
control field OSt
005 - DATE AND TIME OF LATEST TRANSACTION
control field 20251212123048.0
008 - FIXED-LENGTH DATA ELEMENTS--GENERAL INFORMATION
fixed length control field 251212b |||||||| |||| 00| 0 eng d
020 ## - INTERNATIONAL STANDARD BOOK NUMBER
International Standard Book Number 9788131776513
100 ## - MAIN ENTRY--PERSONAL NAME
Personal name Srinivasan A. Suresh J.
9 (RLIN) 215787
245 ## - TITLE STATEMENT
Title Cloud Computing
Remainder of title Practical Approach Learning Implementation
260 ## - PUBLICATION, DISTRIBUTION, ETC. (IMPRINT)
Name of publisher, distributor, etc. Pearson
Date of publication, distribution, etc. 2014
Place of publication, distribution, etc. Chennai
300 ## - PHYSICAL DESCRIPTION
Extent 412pp.
500 ## - GENERAL NOTE
Keywords Student friendly and easy to understand<br/><br/><br/>• Fourteen case studies devoted to showcase the implementation of the cloud<br/><br/><br/>• Provides pertinent insights into the future applications of the cloud<br/><br/><br/>• In-depth analysis of service-oriented architecture in explicit text spanning three chapters<br/><br/><br/>• Over 630 exercises<br/>
520 ## - SUMMARY, ETC.
Summary, etc. This book lays a good foundation to the core concepts and principles of cloud computing, walking the reader through the fundamental ideas with expert ease. The book advances on the topics in a step-by-step manner and reinforces theory with a full-fledged pedagogy designed to enhance students' understanding and offer them a practical insight into the subject
650 01 - SUBJECT ADDED ENTRY--TOPICAL TERM
Topical term or geographic name as entry element Cloud Computing Foundation
9 (RLIN) 215836
650 02 - SUBJECT ADDED ENTRY--TOPICAL TERM
Topical term or geographic name as entry element Cloud Computing Architecture
9 (RLIN) 215837
650 03 - SUBJECT ADDED ENTRY--TOPICAL TERM
Topical term or geographic name as entry element Virtualization
9 (RLIN) 215838
650 04 - SUBJECT ADDED ENTRY--TOPICAL TERM
Topical term or geographic name as entry element Data Storage and Cloud Computing
9 (RLIN) 215839
650 05 - SUBJECT ADDED ENTRY--TOPICAL TERM
Topical term or geographic name as entry element Cloud Computing Services
9 (RLIN) 215840
942 ## - ADDED ENTRY ELEMENTS (KOHA)
Koha item type Books
Source of classification or shelving scheme Dewey Decimal Classification
Holdings
Withdrawn status Lost status Source of classification or shelving scheme Damaged status Not for loan Collection code Home library Current library Date acquired Vendor Cost, normal purchase price Total Checkouts Barcode Date last seen Cost, replacement price Bill Date Koha item type Original Barcode
    Dewey Decimal Classification     BCA MKSSS s K.B. Joshi Institute of Information Technology Library MKSSS s K.B. Joshi Institute of Information Technology Library 10/12/2025 8 472.50   KBJP-BK-2919 10/12/2025 630.00 10/12/2025 Books 2919